Responses for Show #5883 - Wednesday, March 24, 2010

Regina Robbins game 2.

Contestants

[<< previous game]

Derek Honoré, an attorney from Inglewood, California

Tatiana Walton, a graphic designer from Cutler Bay, Florida

Regina Robbins, an arts teacher from New York, New York (whose 1-day cash winnings total $38,500)

[next game >>]

Jeopardy! Round responses

STATE FLAGS & SEALS
JOKING MATTERS
IN THE KITCHEN
FAMOUS NAMES IN THE BIG BROTHER HOUSE
HISTORIC TRANSPORTS
HIDDEN COUNTRIES
(Alex: You have to name the country that is hidden, in letters, within each of the clues. The letters are in order, of course.)
    $200 19
a star

Regina
    $200 1
Jay Leno

Regina
    $200 6
a rolling pin

Regina
    $200 26
Nixon

Regina
    $200 14
the Enterprise

Tatiana
    $200 9
China (in lunch in a box)

Derek
    $400 20
Maryland

Derek
    $400 2
tennis

Regina
    $400 7
a toaster

Tatiana
    $400 27
(Benedict) Arnold

Regina
    $400 15
the Hindenburg

Regina
    $400 10
Spain (in beauteous painting)

Triple Stumper
    $600 22
Rhode Island

Tatiana
    $600 3
cowbell

Regina
    $600 8
a garlic press

Derek
    $600 28
Gandhi

Derek
    $600 16
the "Spruce Goose"

Tatiana
    $600 11
Denmark (in hidden marksman)

Regina
    $1,500 23
(Tatiana: What is Massachusetts?)

Washington

Tatiana
    $800 4
chess

Tatiana
    $800 12
a colander

Regina
    $800 17
Igor Sikorsky

Triple Stumper
    $800 21
Tonga (in put on galoshes)

Tatiana
    $1000 24
(Alex: With a minute to go.)

Excelsior

Derek
    $1000 5
Bob Newhart

Tatiana
    $1000 13
a mandoline

Tatiana
    $1000 29
(Derek: Who is Che Guevara?)
[The end-of-round signal sounds.]

(Fulgencio) Batista

TatianaDerek
    $1000 18
(Alex: If you drink scotch, you'd be very familiar with [*].)

the Cutty Sark

Triple Stumper
    $1000 25
Gabon (in dog a bone)

Derek

Scores at the first commercial break (after clue 15):

Regina Tatiana Derek
$3,200 $3,400 $800

Scores at the end of the Jeopardy! Round:

Regina Tatiana Derek
$4,000 $4,900 $2,800

Double Jeopardy! Round responses

COMPLETES THE OPERA TITLE
SPORTS SHORTS
JUST LEAF ALREADY
CERVANTES
DONKEY
O.T.
    $400 6
Barber

Regina
    $400 1
(Doug) Flutie

Derek
    $400 18
a fern

Regina
    $400 11
Castillian

Tatiana
    $400 12
burros

Derek
    $400 13
the Oregon Trail

Derek
    $800 7
West

Regina
    $800 2
jockeys

Derek
    $800 19
rosemary

Tatiana
    $800 27
the Spanish Armada

Tatiana
    $800 21
Budweiser

Tatiana
    $800 14
overtime

Derek
    $1200 8
Rake

Regina
    $1200 3
"Tiny"

Derek
    $1200 20
a maple leaf

Derek
    $1200 28
a pastoral

Regina
    $1200 22
Pinocchio

Derek
    $1200 15
an oxygen tent

Triple Stumper
    $1600 9
Regiment

Regina
    $1600 4
Spud Webb

Derek
    $1600 25
an oak

Triple Stumper
    $1600 29
Philip II of Spain

Triple Stumper
    $2,400 23
Animal Farm

Derek
    $2,400 16
occupational therapy

Derek
    $2000 10
[Applause for Regina's run of the category]
(Alex: Yeah, your dad's gonna be proud of you today!)

rusticana

Regina
    $2000 5
shortstop

Triple Stumper
    $2000 26
arugula

Triple Stumper
    $2000 30
Algiers

Triple Stumper
    $2000 24
(Thomas) Nast

Tatiana
    $2000 17
that "Old Time"

Derek

Scores at the end of the Double Jeopardy! Round:

Regina Tatiana Derek
$11,600 $9,700 $17,600

[wagering suggestions for these scores]

Final Jeopardy! Round responses

ANIMATED MOVIES
[After the game's conclusion, the consolation prizes on the lectern displays are at first swapped, with Tatiana shown as receiving $2,000 and Derek shown as receiving $1,000. The two numbers suddenly switch while Alex shakes hands with them.]
TatianaWhat is "Who Killed Roger Rabbit?'
$2,600
ReginaWhat is Who Framed Roger Rabbit?
$7,801
DerekWhat is The
$5,700
Who Framed Roger Rabbit

Final scores:

Regina Tatiana Derek
$19,401 $7,100 $11,900
2-day champion: $57,901 3rd place: $1,000 2nd place: $2,000

Game dynamics:

Coryat scores:

Regina Tatiana Derek
$11,600 $11,200 $16,000
17 R,
0 W
14 R,
1 W
(including 1 DD)
18 R
(including 2 DDs),
1 W

Combined Coryat: $38,800

[game clues] [game scores] [suggest correction]

Game tape date: 2010-01-12
The J! Archive is created by fans, for fans. Scraping, republication, monetization, and malicious use prohibited; this site may use cookies and collect identifying information. See terms. The Jeopardy! game show and all elements thereof, including but not limited to copyright and trademark thereto, are the property of Jeopardy Productions, Inc. and are protected under law. This website is not affiliated with, sponsored by, or operated by Jeopardy Productions, Inc. Join the discussion at JBoard.tv.